TOP 10 Champions League Favoriten - Statistiken

Allgemein
  • Dieses Quiz wurde 119 mal gespielt
  • Das Durchschnittsergebnis liegt bei 8 aus 10
Antwortstatistiken
Rang Fußball Club % Korrekt
TOP5 FC Bayern München
100%
TOP5 Real Madrid
99%
TOP10 FC Barcelona
97%
TOP5 Paris Saint-Germain
97%
TOP5 FC Liverpool
94%
TOP5 Manchester City
94%
TOP10 Inter Mailand
85%
TOP10 FC Arsenal London
80%
TOP10 Atletico Madrid
55%
TOP10 Juventus Turin
44%
Keine übereinstimmenden Quizze gefunden
Verteilung der Resultate
Anzahl Personen mit jedem Resultat
Perzentil nach korrekt beantworteten Fragen
Ihre Resultats-Entwicklung
Sie haben dieses Quiz noch nicht gespielt